| 000 | 01382cam a2200253 i 4500 | ||
|---|---|---|---|
| 999 |
_c57935 _d57935 |
||
| 001 | 19869551 | ||
| 005 | 20221108144454.0 | ||
| 008 | 170808s2018 nyua b 001 0 eng | ||
| 020 | _a9780891287650x | ||
| 041 | _aeng | ||
| 080 | _a376.2 P-25 | ||
| 245 | 0 | 0 |
_aPartners in O&M : _bsupporting orientation and mobility for students who are visually impaired / _cRona L. Pogrund and Nora Griffin-Shirley, editors. |
| 250 | _aFirst Edition. | ||
| 264 | 1 |
_aNew York, NY : _bAFB Press, American Foundation for the Blind, _c2018. |
|
| 300 |
_a325 pages : _billustrations ; _c26 cm. |
||
| 650 | 0 |
_aChildren with visual disabilities _xEducation. _911025 |
|
| 650 | 0 |
_aChildren with visual disabilities _xOrientation and mobility. _911026 |
|
| 653 | _aორიენტაციისა და მობილობის მხარდაჭერა მხედველობის შეზღუდული შესაძლებლობის მქონე სტუდენტებისთვის | ||
| 653 | _aმხედველობის შეზღუდული შესაძლებლობის მქონე ბავშვები | ||
| 653 | _aპედაგოგიკა | ||
| 700 | 1 |
_aPogrund, Rona L. _eრედაქტორი _911027 |
|
| 700 | 1 |
_aGriffin-Shirley, Nora _d _eრედაქტორი _911028 |
|
| 942 |
_2udc _cBK |
||